Great Inventions / (Record no. 4956)
[ view plain ]
| 000 -LEADER | |
|---|---|
| fixed length control field | 00839nam a22002417a 4500 |
| 001 - CONTROL NUMBER | |
| control field | 4956 |
| 003 - CONTROL NUMBER IDENTIFIER | |
| control field | FISKH |
| 005 - DATE AND TIME OF LATEST TRANSACTION | |
| control field | 20241028142852.0 |
| 008 - FIXED-LENGTH DATA ELEMENTS--GENERAL INFORMATION | |
| fixed length control field | 241028b cb ||||| |||| 00| 0 eng d |
| 020 ## - INTERNATIONAL STANDARD BOOK NUMBER | |
| International Standard Book Number | 0822507056 |
| 040 ## - CATALOGING SOURCE | |
| Original cataloging agency | FISKH |
| Language of cataloging | eng |
| Transcribing agency | FISKH |
| Modifying agency | FISKH |
| 050 ## - LIBRARY OF CONGRESS CALL NUMBER | |
| Classification number | T48.M3913 |
| 082 ## - DEWEY DECIMAL CLASSIFICATION NUMBER | |
| Classification number | 608.7 |
| 100 ## - MAIN ENTRY--PERSONAL NAME | |
| Personal name | Marzell, Ernar S. |
| 245 ## - TITLE STATEMENT | |
| Title | Great Inventions / |
| Statement of responsibility, etc. | by Ernst S. Marzell : illustrated by Erich Holle |
| 250 ## - EDITION STATEMENT | |
| Edition statement | First published in the United States 1973 |
| 260 ## - PUBLICATION, DISTRIBUTION, ETC. | |
| Place of publication, distribution, etc. | Minneapolis, Minesota : |
| Name of publisher, distributor, etc. | Lerner Publication Company ; |
| Date of publication, distribution, etc. | 1973 . |
| 300 ## - PHYSICAL DESCRIPTION | |
| Extent | 32 pages : |
| Other physical details | color illustrations ; |
| Dimensions | 27 cm . |
| 520 ## - SUMMARY, ETC. | |
| Summary, etc. | Describes some of the most important inventions in the history of civilization and the men primarily responsible for them. |
| 700 ## - ADDED ENTRY--PERSONAL NAME | |
| Personal name | Holle, Erich |
| Relator term | illustrator |
| 942 ## - ADDED ENTRY ELEMENTS (KOHA) | |
| Source of classification or shelving scheme | Dewey Decimal Classification |
| Koha item type | Books |
| Suppress in OPAC | No |
| Withdrawn status | Lost status | Source of classification or shelving scheme | Damaged status | Not for loan | Collection | Home library | Current library | Shelving location | Date acquired | Total Checkouts | Full call number | Barcode | Date last seen | Price effective from | Koha item type |
|---|---|---|---|---|---|---|---|---|---|---|---|---|---|---|---|
| Dewey Decimal Classification | Non-Fiction | Footprints International School Library Network Toul Kork Campus | Footprints International School Library Network Toul Kork Campus | TTP Secondary Non-Fiction Bookshelves | 10/28/2024 | MAR 608.7 T48.M3913 | FIS01300 | 10/28/2024 | 10/28/2024 | Books |
